LEADER 00947cam0 22002893 450 001 SOB024269 005 20201005094808.0 010 $a0415115906 100 $a20040211d2003 |||||ita|0103 ba 101 $aita 102 $aIT 200 1 $aThinking about exhibitions$fed.Reesa Greenberg$gBruce W. Ferguson$gSandy Nairne 210 $aLondon$aNew York$cRoutledge$d2003 215 $aXII,488 p.$cill.$d24 cm 500 11$aThinking [...]$3UF00003025$91669674 702 1$aGRENBERG, Reesa$3AF00024185$4070 702 1$aFERGUSON, Bruce$3AF00024186$4070 702 1$aNAIRNE, Sandy$3AF00024187$4070 801 0$aIT$bUNISOB$c20201005$gRICA 850 $aUNISOB 852 $aUNISOB$j700$m119361 912 $aSOB024269 940 $aM 102 Monografia moderna SBN 941 $aM 957 $a700$b003457$gSI$d119361$rACQUISTO$1Spinosa$2UNISOB$3UNISOB$420191023111629.0$520191023111638.0$6Spinosa 996 $aThinking$91669674 997 $aUNISOB